| 000 | 00699nam a22002057a 4500 | ||
|---|---|---|---|
| 003 | OSt | ||
| 005 | 20240603021733.0 | ||
| 008 | 240603b |||||||| |||| 00| 0 eng d | ||
| 020 | _a9710867717 | ||
| 040 |
_aDWCL-Main lib. _cOC |
||
| 082 | _a448.342 R895s 2007 | ||
| 100 | _aRuben, Roland Lorenzo M. | ||
| 245 |
_aVenez et voyez : basic French for beginners / _cRoland Lorenzo M. Ruben |
||
| 260 |
_aMandaluyong City, Phils. : _bNational Book Store, _cc2007. |
||
| 300 |
_aix, 261 pages : _billustrations ; _c22 cm. |
||
| 504 | _aIncludes appendices | ||
| 650 | _aFrench language–Conversations and phrase books–English. | ||
| 700 | _aI. Ballena, Constantino T. | ||
| 942 |
_2ddc _cBK-CIRC _kCirc. _n0 |
||
| 999 |
_c82 _d82 |
||